000 00559cam a22002051 4500
001 752748
005 20180201045117.0
008 711012s1966 nyu b 000 0 eng
010 _a 66011465
040 _aDLC
_cDLC
_dDLC
041 _aeng
080 _a301.441 MEI
082 0 0 _a301.441 MEI
100 1 _a19
101 _aPOL
245 1 0 _aPoverty in the affluent society.
_cEdited by Hanna H. Meissner.
504 _aBibliography: p. 247-248. Bibliographical footnotes.
906 _a7
_bcbc
_corignew
_du
_eocip
_f19
_gy-gencatlg
942 _2ddc
_cBK
999 _c41494
_d41494